Loading...
| Literature - British | 0 | 5 | 0 | 3 | 50 | 89 | 129.60 | 0 | 4 | 5.44 | 20.00 |
| Science - Other | 0 | 4 | 0 | 2 | 40 | 100 | 107.50 | 0 | 2 | 1.91 | 15.83 |
| Fine Arts - Painting and Sculpture | 0 | 3 | 0 | 0 | 30 | 111 | 118.67 | 0 | 0 | 1.80 | 7.50 |
| Fine Arts - Classical Music | 0 | 3 | 0 | 1 | 30 | 115 | 119.33 | 0 | 3 | 1.95 | 10.00 |
| Religion | 0 | 2 | 0 | 0 | 20 | 104 | 112.50 | 0 | 2 | 1.34 | 8.33 |
| Literature - World | 0 | 2 | 0 | 0 | 20 | 89 | 102.00 | 1 | 1 | 5.21 | 12.50 |
| Other Academic | 0 | 2 | 0 | 0 | 20 | 86 | 89.50 | 0 | 2 | 17.24 | 25.00 |
| History - American | 0 | 2 | 0 | 0 | 20 | 48 | 67.50 | 1 | 2 | 9.03 | 16.67 |
| Social Science | 0 | 2 | 1 | 0 | 15 | 49 | 81.50 | 1 | 2 | 5.36 | 12.50 |
| Literature - European | 0 | 1 | 0 | 0 | 10 | 91 | 91.00 | 0 | 1 | 3.85 | 5.00 |
| History - Other | 0 | 1 | 0 | 1 | 10 | 122 | 122.00 | 0 | 1 | 0.00 | 5.00 |
| History - World | 0 | 3 | 4 | 1 | 10 | 64 | 103.00 | 0 | 2 | 6.49 | 12.50 |
| Current Events | 0 | 1 | 0 | 0 | 10 | 63 | 63.00 | 0 | 0 | 16.93 | 8.33 |
| Philosophy | 0 | 1 | 0 | 0 | 10 | 111 | 111.00 | 0 | 0 | 0.00 | 2.50 |
| Science - Biology | 0 | 1 | 0 | 0 | 10 | 82 | 82.00 | 0 | 1 | 2.55 | 3.33 |
| Science - Chemistry | 0 | 1 | 0 | 0 | 10 | 121 | 121.00 | 0 | 1 | 0.08 | 7.50 |
| Fine Arts - Other | 0 | 1 | 1 | 0 | 5 | 120 | 120.00 | 0 | 1 | 1.24 | 3.33 |
| Mythology | 0 | 1 | 1 | 1 | 5 | 132 | 132.00 | 0 | 1 | 0.00 | 2.50 |
| Science - Physics | 0 | 1 | 2 | 0 | 0 | 103 | 103.00 | 0 | 1 | 2.08 | 7.50 |
| History - European | 0 | 0 | 1 | 0 | -5 | 0.00 | 0 | 0 | 0.00 | 0.00 | |
| Literature - American | 0 | 0 | 1 | 0 | -5 | 0.00 | 0 | 0 | 0.00 | 0.00 |